1356 1358 1741 1157 1698 1105 1924 1285 1733 1913 1329 1371 1331 1908 1964 1556 1984 1018 1373 1784 1563 1849 1581 1288 1719 1821 1123 1889 1923 1892 1604 1206 1361 1312 1400 1805 1985 1451 1787 1879 1942 1553 1892 1518 1237 1701 1857 1429 1131 1952 1836 1495 1410 1386 1686 1703 1966 1691 1698 1672 1619 1777 1279 1694 1946 1943 1402 1603 1384 1008 1254 1698 1967 1076 1598 1599 1119 1693 1581 1809 1032 1309 1188 1246 1901 1643 1966 1374 1729 1597 1197 1544 1572 1716 1624 1681 1276 1091 1902 BCNSPRNW ULIB Ver.6.0+V

เปลี่ยนเป็นภาษาไทย

Change to English
 แสดงรายละเอียดบรรณานุกรม
  กลับหน้าหลัก

Brief Record : Get Marc (ISO 2709) : E-mail record : QR code < ปิดหน้าต่าง
LEADER : 00000nam 2200000uu 4500
001    13399120597
003     ULIB
008    120928s2553||||th 000 0 tha d
020    ^a9789812599780 (ล.2)
041 1  ^atha^heng
060 04 ^aWY152^J111ก ล.2 2553
245 00 ^aการพยาบาลผู้ใหญ่และผู้สูงอายุที่มีปัญหาสุขภาพ^nเล่ม 2 =^bMedical-surgical nursing clinical management for positive outcomes /^cบรรณาธิการ, ผ่องศรี ศรีมรกต
246 31 ^aMedical-surgical nursing clinical management for positiveoutcomes
250    ^aพิมพ์ครั้งที่ 1
260    ^aกรุงเทพฯ :^bไอ กรุ๊ป เพรส,^c2553
300    ^axiv, 793 หน้า :^bภาพประกอบ ;^c28 ซม.
500    ^aแปลและเรียบเรียงจากหนังสือ Medical-surgical nursing :clinical management for positive outcomes / [edited by] Joyce M. Black, Jane Hokanson Hawks. 7th ed. 2001.
504    ^aมีดรรชนี
650  7 ^aการพยาบาลผู้สูงอายุ
650  7 ^aการพยาบาลอายุรศาสตร์
650  7 ^aผู้ป่วย^xการดูแล
650  7 ^aพยาบาล, การบริการ
700 0  ^aผ่องศรี ศรีมรกต,^eบรรณาธิการ
945    ^p0^l0^i16547
945    ^p0^l0^i16732
945    ^p0^l0^i16733
995    ^aวิภา
999 ^a ใช้งานได้ทุกระบบ
รายการนี้ยังไม่มีแท็ก
คุณยังไม่ได้ล็อกอิน คุณสามารถมีกิจกรรมร่วมกับเว็บไซต์ได้ แต่ต้องล็อกอินก่อน ::
  ล็อกอิน

รายการสื่อสารสนเทศ

ลำดับที่ ประเภท เลขเรียก/บาร์โค้ด สถานที่ สถานะ
1. วิทยาศาสตร์การแพทย์ และสุขภาพ
วิทยาศาสตร์การแพทย์ และสุขภาพ
WY152^J111ก ล.2 2553  
  Barcode: 16547
ห้องสมุดวิทยาเขตนครสวรรค์
►ส่วนจัดเก็บหนังสือเก่า นว.
บนชั้น
  ขอยืม
2. วิทยาศาสตร์การแพทย์ และสุขภาพ
วิทยาศาสตร์การแพทย์ และสุขภาพ
WY152^J111ก ล.2 2553 ฉ.2 
  Barcode: 16732
ห้องสมุดวิทยาเขตนครสวรรค์
►ส่วนจัดเก็บหนังสือเก่า นว.
บนชั้น
  ขอยืม
3. วิทยาศาสตร์การแพทย์ และสุขภาพ
วิทยาศาสตร์การแพทย์ และสุขภาพ
WY152^J111ก ล.2 2553 ฉ.3 
  Barcode: 16733
ห้องสมุดวิทยาเขตนครสวรรค์
►ส่วนจัดเก็บหนังสือเก่า นว.
บนชั้น
  ขอยืม

รายการใกล้เคียง
    หัวเรื่อง [การพยาบาลผู้สูงอายุ]
    หัวเรื่อง [การพยาบาลอายุรศาสตร์]
    หัวเรื่อง [ผู้ป่วย การดูแล]
    หัวเรื่อง [พยาบาล, การบริการ]

BibComment


ยังไม่เคยถูกคอมเมนท์

คอมเมนท์ทรัพยากรรายการนี้
  คอมเมนท์: การพยาบาลผู้ใหญ่..

สมาชิกที่บันทึกรายการนี้ไว้ในรายการโปรด
วัชราวดี ผ่านสุวรรณ

 Copyright 2026. Bcnsprnw @Library